| 000 | 00604nam a2200145 i 4500 | ||
|---|---|---|---|
| 001 | 184700 | ||
| 003 | ES-MaACL | ||
| 005 | 20230906222245.0 | ||
| 008 | 151116s1954 sp |||| | spa d | ||
| 100 | 1 |
_aMañeru Ballarín, Juan. _9158140 |
|
| 245 | 1 | 0 |
_aColección completa de problemas de Análisis Matemático propuestos en la convocatoria de ingreso del año 1954 en la Academia General Milita / _crecopilados y resueltos por Juan Mañeru Ballarín... y José María Esponera Vicen. |
| 260 |
_a[Zaragoza : _bs.n., _c1954] ( _fImp. Estilo) |
||
| 300 |
_a99 p. ; _c21 cm. |
||
| 852 |
_aES-MaACL _j1974-F-12 |
||
| 999 |
_c184700 _d184700 |
||